La Chartreuse de Parma /
Enregistré dans:
| Auteur principal: | |
|---|---|
| Autres auteurs: | , |
| Format: | Livre |
| Langue: | français |
| Publié: |
Génova, Italia :
CIDEB,
2013, c2013
|
| Collection: | (Lire et S'Entraîner. B1)
|
| Sujets: | |
| Tags: |
Pas de tags, Soyez le premier à ajouter un tag!
|
MARC
| LEADER | 00000nam^a2200000^a^4500 | ||
|---|---|---|---|
| 001 | 000399864 | ||
| 005 | 20250521000000.0 | ||
| 009 | 20260310121603.896 | ||
| 020 | |a 978-88-530-1335-4 | ||
| 037 | |a Acervo ITESO - Biblioteca | ||
| 041 | |a FRA | ||
| 082 | |a 445. |b CID LIR S. 3 V. 2 | ||
| 100 | |a Stendhal |e (autor) | ||
| 240 | 1 | 1 | |a [CIDEB: lire et s'entraîner] |
| 240 | 1 | 4 | |a [La cartuja de Parma] |
| 245 | 1 | 3 | |a La Chartreuse de Parma / |c Stendhal ; versión de J. Bertini ; il. de G. Garofalo. |
| 264 | 4 | |a Génova, Italia : |b CIDEB, |c 2013, c2013 | |
| 300 | |a 96 p. + |e 1 disco compacto sonoro (sin dato de duración) | ||
| 336 | |a texto |b txt |2 rdacontenido | ||
| 337 | |a sin mediación |b n |2 rdamedio | ||
| 338 | |a volumen |b nc |2 rdasoporte | ||
| 440 | 1 | |a (Lire et S'Entraîner. |p B1) | |
| 521 | |a FIL 2017 EEnlace Departamento de Lenguas | ||
| 545 | 0 | |a Stendhal (Grenoble, 1783 – París, 1842), pseudónimo de Henri Beyle, escritor francés, quien es una de las figuras cumbres de la literatura universal del siglo XIX y considerado habitualmente como el fundador del realismo moderno. Participa con el ejército napoleónico en la Campaña de Italia (1799-1800), episodio donde nace su profundo afecto por este país, al que toma como su patria de elección. A la caída de Napoleón, inicia formalmente su trayectoria literaria durante su exilio en Italia (1814-21), con trabajos biográficos y ensayísticos, como Vies de Haydn, Mozart et de Métastase (1815), Vida de Napoleón (1816, publicada póstumamente), Roma, Nápoles y Florencia (1817) e Historia de la pintura en Italia (1817). Prosigue los caminos de ambos géneros literarios en Del amor (1822), Racine et Shakespeare (1823) y Vida de Rossini (1823), además de colaborar con algunas revistas inglesas y el Journal de Paris. Armancia o algunas escenas del salón en París en 1827 (1827) abre su obra novelística y luego de la narración corta Vanina Vanini (1829) y la guía de viajes Paseos por Roma (1829), da inicio a la gran época de la novela realista con su célebre Rojo y negro (1830). Tras fungir como cónsul en Civitavecchia, Italia (1831-36), sale a la luz su segunda gran novela, La cartuja de Parma (1839), y reúne en Crónicas italianas (1836-1839) varios relatos inspirados en crónicas italianas del Renacimiento. Quedan inconclusas en el camino las novelas Luciano Leuwen (1834) y Lamiel (1839-42), que junto con su Diario y los también autobiográficos Recuerdos del egotismo (1832) y La vida de Henry Brulard (1835-36) fueron publicados póstumamente, casi todos durante la década de 1890, años que el propio Stendhal había previsto para que su obra fuera comprendida y valorada a cabalidad. | |
| 649 | |a XX | ||
| 650 | |a Francés - |x Estudio y Enseñanza - |x Tema Principal | ||
| 650 | |a Francés como Lengua Extranjera - |x Estudio y Enseñanza - |x Tema Principal | ||
| 650 | |a Lenguas Extranjeras - |x Estudio y Enseñanza | ||
| 650 | |a Novela Francesa | ||
| 650 | |a Realismo en la Literatura - |z Francia | ||
| 650 | |a Literatura Francesa - |y Siglo XIX | ||
| 650 | |a Parma, Italia en la Literatura | ||
| 650 | |a Italia en la Literatura | ||
| 650 | |a Italia - |x Historia - |y Risorgimento, 1815-1861 | ||
| 650 | |a Italia - |x Historia - |y Período de Unidad, 1815-1870 | ||
| 650 | |a Italia - |x Historia - |y Siglo XIX | ||
| 650 | |a Francia - |x Historia - |y Batalla de Waterloo, 1815 | ||
| 650 | |a Francia - |x Historia - |y Imperio, 1804-1815 | ||
| 650 | |a Francia - |x Historia - |y Consulado e Imperio, 1799-1815 | ||
| 650 | |a Francia - |x Historia - |y Revolución Liberal Burguesa, 1774-1848 | ||
| 650 | |a Francia - |x Historia - |y Siglo XIX | ||
| 650 | |a Europa - |x Historia - |y 1789-1815 | ||
| 650 | |a Europa - |x Historia - |y 1815-1848 | ||
| 650 | |a Europa - |x Historia - |y Siglo XIX | ||
| 650 | |a Europa - |x Historia - |y 1789-1900 | ||
| 700 | |a Bertini, Jimmy |e (versión) | ||
| 700 | |a Garofalo, Gianluca |e (ilustración) | ||
| 910 | |a Fondo General | ||
| 920 | |a Impresos - Libros | ||
| 930 | |a Colección General | ||
| 905 | |a 101 | ||
| 901 | |a 0500294896 |b IT1 |c LEN |i c156931 |u 20250521 | ||
| 902 | |a https://opac.biblio.iteso.mx/vufind/Record/000399864 | ||